Pequena história da música de piano (Registo nº 201048)

Detalhes MARC
000 -Etiqueta do registo
Valores 00484nam 22001693 4500
100 ## - Dados gerais de processamento
Dados gerais 20260306d u||y0pory50 ba
200 ## - Titulo e menção de responsabilidade
Título próprio Pequena história da música de piano
Primeira menção de responsabilidade por Fernando Lopes Graça
210 ## - Publicação
Local de publicação Lisboa
Nome do editor Editorial Inquérito
Data de publicação 1945
215 ## - Descrição física 
Paginação / Volumes 108 p.
Outras indicações físicas brochado
Dimensões 18 cm
606 ## - Nome comum usado como assunto
ID Autoridade 1103
Palavra de ordem Música
675 ## - CDU
Notação 78
Edição PT
Língua por
700 ## - Autor principal (pessoa individual)
ID Autoridade 7496
Apelido Lopes-Graça
Nome Fernando
801 ## - Fonte de origem
País PT
Agência BMMN
Regras de catalogação RPC
830 ## - Notas gerais do catalogador
Criado por Fernando
Indexado por Fernando
990 ## - Elementos KOHA
Tipo de documento Livro
Exemplares
Situação do levantamento Biblioteca de origem Código de barras Cota Permissão de empréstimo Tipo de documento Forma de aquisição
  Biblioteca Municipal de Montemor-o-Novo 30326 78 GRA|DEP   Livro Oferta

Powered by Koha